01484cam a22003255a 4500999001700000005001700017008004100034020001500075020001800090035001900108035002300127040002800150043001200178082002800190100002300218245010000241260011100341300002600452504006400478520024000542650004000782650003300822650005500855650003700910650002900947651001000976653002500986942000801011952013901019 c27158d2713020190214123046.0980413s1998 enk frb 001 0 eng d a1860643566 a9781860643569 a(InU)AKA2065BB a(OCoLC)ocm40060405 aGZMbengcGZMdEG-ScBUE aa-le---04a305.8927569094bHUM2221 aHumphrey, Michael.10aIslam, multiculturalism and transnationalism :bfrom the Lebanese diaspora /cMichael Humphrey. aLondon ;aNew York :bThe Centre for Lebanese Studies in association with I.B. Tauris Publishers,cc.1998. avii, 200 p. ;c23 cm. aIncludes bibliographical references (p. 187-193) and index. aThe migration of people is now increasingly about the internationalisation of citizenship rather than the cultural or class homogenisation of people in nation states. The Lebanese provide a particularly rich example of this phenomenon. 7aLebanesezForeign countries.2BUEsh 7aLebanesexMigrations.2BUEsh 7aMulticulturalismxReligious aspectsxIslam.2BUEsh 7aIslam and world politics.2BUEsh 7aInternationalism.2BUEsh 2BUEsh bBUSBOLcFebruary2019 2ddc 00102ddc40708AUCaMAINbMAINc1STd2019-02-14ePurchaseg125.00l0o305.8927569094 HUMp000044265r2021-08-18 00:00:00v156.25yBB